000 00663nam a2200241Ia 4500
005 20260430150022.0
008 008 250103s9999 xx 000 0 eng d
037 _aTheses
040 _aCRL
040 _beng
040 _ceng
041 _2eng
041 _aeng
084 _qCRL
100 _aKamei Gangmumei Au.; Ananad Prakash Gu.
_91236214
245 0 _aInnovation and sustainability of indigenous entrepreneurial endeavours in north-east India
260 _c2022
300 _a220p.
650 _aPsychology
700 _aUniversity of Delhi. Faculty of Arts. Department of Psychology
_9169789
942 _cTH
999 _c1848743
_d1848743